000 01299cam a2200241 4500
001 L135631
008 061120n2006 000 0 eng u
020 _a1873394772
022 _a13556207
035 _a(Sirsi) u135631
041 0 _aeng
050 0 4 _a690.241 $2 18
245 0 0 _aArchitectural conservation
_bissues and developments
260 _aShaftesbury
_bDonhead Publishing
_c2006
300 _a139p.
_c25cm.
505 1 _aFacing up to challenges in architectual conservation -- Personal perspectives -- Protecting the historic environment -- The context for skills, education and training -- What direction for conservation? -- The American contrast -- All rosy in the garden? -- SAVE Britain's heritage and the amenity societies -- Scientific research into architectual conservation
520 _aDiscusses conservation issues arising from a number of specific projects. Includes section on preserving historic landscapes, parks and gardens, the shortage of relevant skills, and the relationship between government and the historic sector. Appendix discusses the listing of buildings.
590 _aKA
651 4 _aUnited Kingdom
_y
690 _aBUILT ENVIRONMENT-BUILDING MAINTENANCE AND REFURBISHMENT-BUILDING CONSERVATION
700 1 _aShacklock, Vincent
_e
942 _n0
999 _c106123
_d106123